Etiqueta de registo: 00000nam 2200025 450
001 2168009
003 http://id.bnportugal.gov.pt/bib/catbnp/2168009
021 ## $aPT$b524214/23
100 ## $a20240524d2023 m y0pory01030103ba
101 0# $apor
102 ## $aPT
105 ## $ay z 000zy
106 ## $ar
200 1# $aDepois de cremado o mundo é verde$fNuno Cash
210 #9 $aPorto$c[s.n.],$d2023
215 ## $a88 p.$d21 cm
675 ## $a821.134.3-82"20"$vBN$zpor$31026016
700 #1 $aCash,$bNuno$31917038
801 #0 $aPT$bBN$gRPC
856 41 $uhttp://rnod.bnportugal.gov.pt/ImagesBN/winlibimg.aspx?skey=&doc=2168009&img=194640&save=true
900 ## $aBIBNAC$d20240726
966 ## $lBN$mFGMON$sL. 171490 V.$x1
966 ## $lBN$mFGMON$sL. 171490 V.-D$x1
971 ## $corlando$d20240524
972 ## $e0$z0$d20240726$viquintas
973 ## $ctrodrigues$d20240612
974 ## $e0$d20240617$vrsimoes